| 000 | 00000nam##2200000za#4500 |
| 001 | 9.698606 |
| 003 | CaOODSP |
| 005 | 20210625000015 |
| 007 | cr ||||||||||| |
| 008 | 150407|2000||||xxc|||||o f|0| 0 eng|d |
| 040 | |aCaOODSP|beng |
| 043 | |an-cn--- |
| 086 | 1 |aC2-509/2000E-PDF |
| 110 | 1 |aCanada. |bIndustry Canada. |
| 245 | 10|aParticipating in the standards system : |h[electronic resource]|ba handbook for consumer representatives |
| 260 | |aOttawa - Ontario : |bIndustry Canada |c[2000]. |
| 300 | |a26p.|bcoloured figs., glossary |
| 500 | |aThe catalogue number (C2-509/2000) and ISBN (0-662-65111-1) for the bilingual print edition have been incorrectly copied in this electronic publication. |
| 590 | |a13-27-Supp|b2013-11-15 |
| 690 | 07|aConsumer protection|2gcpds |
| 690 | 07|aQuality standards|2gcpds |
| 690 | 07|aSafety standards|2gcpds |
| 775 | 08|tLa participation au système des normes : |w(CaOODSP)9.642613 |
| 856 | 40|ahttp://publications.gc.ca|qPDF|s179 KB|uhttps://publications.gc.ca/collections/collection_2013/ic/C2-509-2000-eng.pdf |